Naamum Seiyalaam

Bibliographic Details
Format: Book
Published: Kuala Lumpur : Uma Publications 2008
Series:Arivu sudar siruvar nool varisai
Subjects:

MARC

LEADER 00000cam a2200000 7i4500
001 0000119621
005 20160804.0
008 160804s2008 g 0000b tm
020 |a 9679106101 
040 |a PERPUSTAM   |b eng   |c PERPUSTAM 
090 0 0 |a JT 305.231   |b NAA 
245 0 0 |a Naamum Seiyalaam 
264 1 |a Kuala Lumpur :   |b Uma Publications   |c 2008 
300 |a 12 pages :   |b colour illustrations ;   |c 21 cm. 
336 |a text, rdacontent 
337 |a unmediated  |2 rdamedia 
338 |a volume  |2 rdacarrier 
490 1 |a Arivu sudar siruvar nool varisai 
650 0 0 |a Child developmet 
999 |a 0000411808   |b Buku   |c Koleksi Pinjaman Kanak-Kanak   |e Perpustakaan Komuniti UTC Melaka 
999 |a 0000411809   |b Buku   |c Koleksi Pinjaman Kanak-Kanak   |e Perbadanan Perpustakaan Awam Melaka 
999 |a 0000411810   |b Buku   |c Koleksi Pinjaman Kanak-Kanak   |e Perpustakaan Cawangan Jasin 
999 |a 0000411811   |b Buku   |c Koleksi Pinjaman Kanak-Kanak   |e Perpustakaan Cawangan Merlimau 
999 |a 0000411812   |b Buku   |c Koleksi Pinjaman Kanak-Kanak   |e Perbadanan Perpustakaan Awam Melaka 
999 |a 0000411813   |b Buku   |c Koleksi Pinjaman Kanak-Kanak   |e Perbadanan Perpustakaan Awam Melaka 
999 |a 0000411814   |b Buku   |c Koleksi Pinjaman Kanak-Kanak   |e Perbadanan Perpustakaan Awam Melaka 
999 |a 0000411815   |b Buku   |c Koleksi Pinjaman Kanak-Kanak   |e Perbadanan Perpustakaan Awam Melaka 
999 |a 0000411816   |b Buku   |c Koleksi Pinjaman Kanak-Kanak   |e Perbadanan Perpustakaan Awam Melaka